| 000 | 00728nam a2200181 4500 | ||
|---|---|---|---|
| 999 |
_c17125 _d17125 |
||
| 008 | 220607b ||||| |||| 00| 0 eng d | ||
| 022 | _a0732-8435 | ||
| 082 | _aDPer 657.05 C33 Jan - Apr 2011, v. 81 n 1 - 4 | ||
| 100 |
_aBetancourt, Luis. _945501 |
||
| 245 |
_aUnderstanding the 'flash crash': _ba perspective for CPAs advising investors/ _cLuis Betancourt, William M. VanDenburgh and Philip J. Harmelink. |
||
| 260 |
_aNew York: _bThe New York State Society of CPA, _c2011. |
||
| 300 |
_aV81 n1, pages 40-45: _billustrations; _c28 cm. |
||
| 500 | _aThe CPA Journal. | ||
| 650 |
_aFinance. _945502 |
||
| 700 |
_aVanDenburgh, William M. _eAuthor. _945503 |
||
| 700 |
_aHarmelink, Philip J. _eAuthor. _945504 |
||
| 942 |
_2ddc _cPER |
||